| 000 | 00457nam a22001577a 4500 | ||
|---|---|---|---|
| 005 | 20250708111054.0 | ||
| 008 | 250708b |||||||| |||| 00| 0 eng d | ||
| 020 | _a978-1-84480-805-2 | ||
| 100 | _aHodge, Robert | ||
| 245 |
_aACCOUNTING _bA Foundation |
||
| 260 |
_aLONDON _bCengage Learning EMEA _c2008, |
||
| 300 | _aXXII,676P. | ||
| 500 | _aINCLUDES INDEX | ||
| 650 | _a1. ACCOUNTING, MANAGEMENT ACCOUNTING 2. FINANCIAL ACCOUNTING | ||
| 942 |
_2lcc _cBK |
||
| 999 |
_c215839 _d215839 |
||